01580cam a22003854i 4500003000900000005001700009008004100026035002000067040003300087100004200120245022600162264001000388300002200398336002100420337002500441338002300466502005900489504002400548520046100572526001001033526001001043526000901053526000901062526000901071526000901080526000901089526000901098526000901107526000801116526000801124526000801132526000801140526000801148650003801156PE-LiUPU20250731165411.0151022s1992 pe grm 000 0 spa d a(Sirsi) a155052 aPE-LiUPUbspacPE-LiUPUerda1 aVásquez Villanueva, Ana Rosaeautor1 aEfectividad del programa alimentario nutricional enriquecido con concentrado de hierbabuena aplicado a gestantes con anemia ferropénica, en el puesto de Salud de la Era en el año 1997 /cAna Rosa Vásquez Villanueva. 0c1992. a107 hojas c30 cm atext2rdacontent aunmediated2rdamedia avolume2rdacarrier aTesisb(Lic.) -- cUniversidad Peruana Unión,d1992. aIncluye referencias3 aEl presente trabajo de investigación tuvo como objetivo evaluar la efectividad del programa alimentario nutricional enriquecido con concentrado de hierbabuena, aplicado a madres gestantes con anemia ferropenica en el Puesto de Salud La Era. La investigación realizada es de tipo experimental, prospectivo y longitudinal con una población de nueve mujeres con anemia ferropenica, a quienes se les aplico los siguientes métodos: pre-test y post-test. aSEG44 aSEG26 aP151 aP150 aP149 aP146 aP145 aP126 aP125 aP92 aP75 aP74 aP27 aP1504aEmbarazoxAspectos nutricionales.